U.S. Cities by Picture - Multiple Choice #1 - Statistics

General Stats
  • This quiz has been taken 37 times
  • The average score is 7 of 10
Answer Stats
Question Answer % Correct
Las Vegas
90%
Seattle
90%
New York City
87%
Miami
84%
New Orleans
84%
Pittsburgh
68%
Anchorage
65%
San Diego
48%
Nashville
35%
Salt Lake City
29%
No matching quizzes found
Score Distribution
Percent of People with Each Score
Percentile by Number Answered
Your Score History
You have not taken this quiz